[Event "SM-2022-0-00495"]
[Site "LSS email"]
[Date "2022.12.10"]
[Round "?"]
[White "Szulc, Stanislaw"]
[Black "Kazimierski, Tomasz"]
[Result "1/2-1/2"]
[WhiteElo "2218"]
[BlackElo "2220"]
[PlyCount "67"]
[EventDate "2022.11.22"]
[EventType "tourn (corr)"]
[EventRounds "6"]
[EventCountry "GER"]
[SourceTitle "Corr 2024"]
[Source "ChessBase"]
[SourceDate "2023.10.19"]
[SourceVersion "1"]
[SourceVersionDate "2023.10.19"]
[SourceQuality "1"]

1. e4 e5 2. Nf3 f5 3. Nxe5 Qf6 4. Nc4 fxe4 5. Nc3 Qf7 6. Ne3 d5 7. Nexd5 c6 8. Ne3 Nf6 9. d3 exd3 10. Bxd3 Be6 11. 0-0 Nbd7 12. Ne2 0-0-0 13. Nf4 Bc5 14. Nxe6 Qxe6 15. Bf5 Qe7 16. c3 g6 17. Bh3 Kb8 18. Nc2 Ne5 19. Nd4 Rhe8 20. Bg5 Bb6 21. Qe2 Qd6 22. Ne6 Rxe6 23. Bxe6 Qxe6 24. Rae1 Re8 25. Kh1 Nd5 26. f4 Ne3 27. fxe5 Nxf1 28. Qxf1 Bc7 29. b3 a5 30. Bf6 a4 31. c4 Rf8 32. Qf3 Bd8 33. Rf1 Bc7 34. Qc3 1/2-1/2

[Event "SM-2022-0-00492"]
[Site "LSS email"]
[Date "2022.11.23"]
[Round "?"]
[White "Boni, Roberto"]
[Black "Kazimierski, Tomasz"]
[Result "1/2-1/2"]
[WhiteElo "2264"]
[BlackElo "2220"]
[PlyCount "59"]
[EventDate "2022.11.06"]
[EventType "tourn (corr)"]
[EventRounds "6"]
[EventCountry "GER"]
[SourceTitle "Corr 2024"]
[Source "ChessBase"]
[SourceDate "2023.10.19"]
[SourceVersion "1"]
[SourceVersionDate "2023.10.19"]
[SourceQuality "1"]

1. e4 c5 2. Nc3 Nc6 3. Nf3 e5 4. Bc4 Be7 5. d3 d6 6. 0-0 Nf6 7. Bg5 Nd7 8. Bxe7 Qxe7 9. Nd5 Qd8 10. Nd2 Rb8 11. a4 a6 12. Qh5 Nf6 13. Nxf6+ Qxf6 14. Bd5 0-0 15. Nc4 Nb4 16. Ne3 h6 17. Bc4 Nc6 18. a5 Be6 19. Qe2 Rbe8 20. Kh1 Nb4 21. c3 Nc6 22. Qc2 Rd8 23. Bd5 Bxd5 24. Nxd5 Qe6 25. Qb3 Rd7 26. Qc4 f5 27. f3 Rdf7 28. Kg1 Qd7 29. h3 Kh8 30. Qa2 1/2-1/2

[Event "SM-2022-0-00492"]
[Site "LSS email"]
[Date "2022.11.20"]
[Round "?"]
[White "Ozen, Bahadir"]
[Black "Kazimierski, Tomasz"]
[Result "1/2-1/2"]
[WhiteElo "2245"]
[BlackElo "2220"]
[PlyCount "39"]
[EventDate "2022.11.06"]
[EventType "tourn (corr)"]
[EventRounds "6"]
[EventCountry "GER"]
[SourceTitle "Corr 2024"]
[Source "ChessBase"]
[SourceDate "2023.10.19"]
[SourceVersion "1"]
[SourceVersionDate "2023.10.19"]
[SourceQuality "1"]

1. Nf3 d5 2. d4 e6 3. c4 Nf6 4. g3 Bb4+ 5. Bd2 Be7 6. Bg2 c6 7. Qc2 Nbd7 8. 0-0 b6 9. cxd5 cxd5 10. Rc1 0-0 11. Bf4 Bb7 12. Qb3 Rc8 13. Rxc8 Qxc8 14. Nc3 Nh5 15. Bg5 Bxg5 16. Nxg5 Nhf6 17. e3 Qb8 18. Bf1 Rc8 19. a4 h6 20. Nf3 1/2-1/2

[Event "SM-2022-0-00490"]
[Site "LSS email"]
[Date "2022.11.08"]
[Round "?"]
[White "Chronopoulos, Antonios"]
[Black "Kazimierski, Tomasz"]
[Result "1/2-1/2"]
[WhiteElo "2244"]
[BlackElo "2226"]
[PlyCount "21"]
[EventDate "2022.10.15"]
[EventType "tourn (corr)"]
[EventRounds "6"]
[EventCountry "GER"]
[SourceTitle "Corr 2024"]
[Source "ChessBase"]
[SourceDate "2023.10.19"]
[SourceVersion "1"]
[SourceVersionDate "2023.10.19"]
[SourceQuality "1"]

1. d4 d5 2. c4 e6 3. Nc3 Nf6 4. Nf3 Be7 5. Bf4 0-0 6. e3 b6 7. Be2 dxc4 8. Bxc4 Ba6 9. Qe2 Bxc4 10. Qxc4 c5 11. dxc5 1/2-1/2

[Event "SM-2022-0-00489"]
[Site "LSS email"]
[Date "2022.11.01"]
[Round "?"]
[White "Kazimierski, Tomasz"]
[Black "Ozen, Bahadir"]
[Result "1/2-1/2"]
[WhiteElo "2227"]
[BlackElo "2259"]
[PlyCount "38"]
[EventDate "2022.10.05"]
[EventType "tourn (corr)"]
[EventRounds "6"]
[EventCountry "GER"]
[SourceTitle "Corr 2024"]
[Source "ChessBase"]
[SourceDate "2023.10.19"]
[SourceVersion "1"]
[SourceVersionDate "2023.10.19"]
[SourceQuality "1"]

1. d4 Nf6 2. Bf4 d5 3. e3 c5 4. Nd2 Qb6 5. Ngf3 e6 6. Rb1 Bd6 7. dxc5 Qxc5 8. b4 Qc7 9. Bxd6 Qxd6 10. c4 dxc4 11. Bxc4 0-0 12. 0-0 b6 13. Be2 Bb7 14. a3 Qe7 15. Rc1 Nbd7 16. Nc4 Bd5 17. Qd4 h6 18. Rfd1 Rac8 19. h3 Rc7 1/2-1/2

[Event "RM-2022-0-00268"]
[Site "LSS email"]
[Date "2022.06.21"]
[Round "?"]
[White "Ozen, Bahadir"]
[Black "Kazimierski, Tomasz"]
[Result "1/2-1/2"]
[WhiteElo "2219"]
[BlackElo "2238"]
[PlyCount "39"]
[EventDate "2022.05.17"]
[EventType "tourn (corr)"]
[EventRounds "6"]
[EventCountry "GER"]
[SourceTitle "Corr 2024"]
[Source "ChessBase"]
[SourceDate "2023.10.19"]
[SourceVersion "1"]
[SourceVersionDate "2023.10.19"]
[SourceQuality "1"]

1. e4 e5 2. Nf3 Nc6 3. Bc4 Bc5 4. c3 Nf6 5. d3 0-0 6. 0-0 d6 7. h3 h6 8. Re1 a6 9. a4 Be6 10. Bxe6 fxe6 11. b4 Ba7 12. Nbd2 Nh5 13. Nf1 Qe8 14. Ra2 Nf4 15. Kh2 Qf7 16. Be3 Ng6 17. Bxa7 Nxa7 18. Re3 Nc6 19. Ne1 Qe7 20. Qb3 1/2-1/2

[Event "SM-2022-0-00473"]
[Site "LSS email"]
[Date "2022.06.17"]
[Round "?"]
[White "Kazimierski, Tomasz"]
[Black "Martin, Simone"]
[Result "1/2-1/2"]
[WhiteElo "2232"]
[BlackElo "2183"]
[PlyCount "42"]
[EventDate "2022.05.23"]
[EventType "tourn (corr)"]
[EventRounds "6"]
[EventCountry "GER"]
[SourceTitle "Corr 2024"]
[Source "ChessBase"]
[SourceDate "2023.10.19"]
[SourceVersion "1"]
[SourceVersionDate "2023.10.19"]
[SourceQuality "1"]

1. e4 e5 2. Nf3 Nc6 3. Bb5 a6 4. Ba4 Nf6 5. 0-0 Be7 6. Re1 b5 7. Bb3 0-0 8. c3 d5 9. exd5 Nxd5 10. Nxe5 Nxe5 11. Rxe5 c6 12. Re1 Bd6 13. d3 Bf5 14. Bxd5 cxd5 15. Be3 Qh4 16. g3 Qh3 17. Qf3 Bxd3 18. Qxd5 Rad8 19. Qb7 Bf5 20. Nd2 Bc8 21. Qg2 Qd7 1/2-1/2

[Event "RM-2022-0-00267"]
[Site "LSS email"]
[Date "2022.06.13"]
[Round "?"]
[White "Ozen, Bahadir"]
[Black "Kazimierski, Tomasz"]
[Result "1/2-1/2"]
[WhiteElo "2221"]
[BlackElo "2232"]
[PlyCount "41"]
[EventDate "2022.04.30"]
[EventType "tourn (corr)"]
[EventRounds "6"]
[EventCountry "GER"]
[SourceTitle "Corr 2024"]
[Source "ChessBase"]
[SourceDate "2023.10.19"]
[SourceVersion "1"]
[SourceVersionDate "2023.10.19"]
[SourceQuality "1"]

1. d4 e6 2. e4 d5 3. Nc3 Nf6 4. e5 Nfd7 5. f4 c5 6. Nf3 Nc6 7. Be3 a6 8. Qd2 b5 9. a3 Qa5 10. Be2 b4 11. Nd1 Be7 12. 0-0 0-0 13. dxc5 Nxc5 14. Nf2 Ne4 15. Nxe4 dxe4 16. Nd4 Rd8 17. axb4 Qxb4 18. Qxb4 Nxb4 19. Rfd1 Bd7 20. Kf2 Rdb8 21. Bc4 1/2-1/2

[Event "ZH-2022-0-02054"]
[Site "LSS email"]
[Date "2022.06.02"]
[Round "?"]
[White "Kazimierski, Tomasz"]
[Black "Ozen, Bahadir"]
[Result "1/2-1/2"]
[WhiteElo "2242"]
[BlackElo "2221"]
[PlyCount "37"]
[EventDate "2022.05.28"]
[EventType "match (corr)"]
[EventRounds "2"]
[EventCountry "GER"]
[SourceTitle "Corr 2024"]
[Source "ChessBase"]
[SourceDate "2023.10.19"]
[SourceVersion "1"]
[SourceVersionDate "2023.10.19"]
[SourceQuality "1"]

1. c4 c6 2. Nf3 d5 3. Qc2 Nf6 4. e3 g6 5. Be2 Bg7 6. 0-0 0-0 7. d4 dxc4 8. Bxc4 c5 9. Nc3 cxd4 10. Nxd4 Bd7 11. Rd1 Qc8 12. Be2 Nc6 13. Nf3 Nb4 14. Qb3 a5 15. Bd2 Be6 16. Qa4 Bd7 17. Qb3 Be6 18. Qa4 Bd7 19. Qb3 1/2-1/2

[Event "ZH-2022-0-02054"]
[Site "LSS email"]
[Date "2022.06.02"]
[Round "?"]
[White "Ozen, Bahadir"]
[Black "Kazimierski, Tomasz"]
[Result "1/2-1/2"]
[WhiteElo "2221"]
[BlackElo "2242"]
[PlyCount "61"]
[EventDate "2022.05.28"]
[EventType "match (corr)"]
[EventRounds "2"]
[EventCountry "GER"]
[SourceTitle "Corr 2024"]
[Source "ChessBase"]
[SourceDate "2023.10.19"]
[SourceVersion "1"]
[SourceVersionDate "2023.10.19"]
[SourceQuality "1"]

1. e4 Nf6 2. e5 Nd5 3. d4 d6 4. c4 Nb6 5. f4 Bf5 6. Nc3 e6 7. Nf3 dxe5 8. fxe5 Be7 9. Be3 Nc6 10. Be2 f6 11. 0-0 0-0 12. exf6 Bxf6 13. Qd2 h6 14. Rad1 Qe7 15. h3 Rad8 16. Bf2 e5 17. d5 e4 18. Nd4 Nxd4 19. Bxd4 Be5 20. c5 Nd7 21. Bxe5 Qxe5 22. Qe3 Bg6 23. Rxf8+ Rxf8 24. d6 c6 25. b4 a5 26. a3 Kh8 27. Kh1 Re8 28. Qd4 Qg5 29. Rf1 Kh7 30. Kh2 h5 31. Bc4 1/2-1/2

[Event "SM-2022-0-00471"]
[Site "LSS email"]
[Date "2022.05.30"]
[Round "?"]
[White "Ozen, Bahadir"]
[Black "Kazimierski, Tomasz"]
[Result "1/2-1/2"]
[WhiteElo "2250"]
[BlackElo "2244"]
[PlyCount "35"]
[EventDate "2022.04.09"]
[EventType "tourn (corr)"]
[EventRounds "6"]
[EventCountry "GER"]
[SourceTitle "Corr 2024"]
[Source "ChessBase"]
[SourceDate "2023.10.19"]
[SourceVersion "1"]
[SourceVersionDate "2023.10.19"]
[SourceQuality "1"]

1. e4 e5 2. Nf3 Nc6 3. d4 exd4 4. Nxd4 Nf6 5. Nxc6 bxc6 6. e5 Qe7 7. Qe2 Nd5 8. c4 Nb6 9. Nc3 Ba6 10. Qe4 f6 11. c5 Bxf1 12. Rxf1 Nd5 13. Nxd5 cxd5 14. Qxd5 c6 15. Qe4 Qxe5 16. Qxe5+ fxe5 17. Be3 Rb8 18. 0-0-0 1/2-1/2

[Event "RM-2022-0-00265"]
[Site "LSS email"]
[Date "2022.05.20"]
[Round "?"]
[White "Sorcinelli, Andrea"]
[Black "Kazimierski, Tomasz"]
[Result "1/2-1/2"]
[WhiteElo "2305"]
[BlackElo "2241"]
[PlyCount "35"]
[EventDate "2022.03.19"]
[EventType "tourn (corr)"]
[EventRounds "6"]
[EventCountry "GER"]
[SourceTitle "Corr 2024"]
[Source "ChessBase"]
[SourceDate "2023.10.19"]
[SourceVersion "1"]
[SourceVersionDate "2023.10.19"]
[SourceQuality "1"]

1. e4 e5 2. Nf3 Nc6 3. Bb5 Nf6 4. 0-0 Nxe4 5. d4 Nd6 6. Bxc6 dxc6 7. dxe5 Nf5 8. Qxd8+ Kxd8 9. Nc3 Bd7 10. h3 h6 11. b3 c5 12. Bb2 Nd4 13. Nxd4 cxd4 14. Ne4 c5 15. c3 dxc3 16. Bxc3 Kc7 17. Rad1 Rg8 18. f4 1/2-1/2

[Event "SM-2022-0-00469"]
[Site "LSS email"]
[Date "2022.05.16"]
[Round "?"]
[White "Kazimierski, Tomasz"]
[Black "Martin, Simone"]
[Result "1/2-1/2"]
[WhiteElo "2241"]
[BlackElo "2202"]
[PlyCount "56"]
[EventDate "2022.04.02"]
[EventType "tourn (corr)"]
[EventRounds "6"]
[EventCountry "GER"]
[SourceTitle "Corr 2024"]
[Source "ChessBase"]
[SourceDate "2023.10.19"]
[SourceVersion "1"]
[SourceVersionDate "2023.10.19"]
[SourceQuality "1"]

1. e4 e6 2. d4 d5 3. Nc3 Nf6 4. e5 Nfd7 5. f4 c5 6. Nf3 Nc6 7. Be3 cxd4 8. Nxd4 Bc5 9. Qd2 Nxd4 10. Bxd4 Bxd4 11. Qxd4 Qb6 12. Nb5 Qxd4 13. Nxd4 Ke7 14. h4 Nc5 15. h5 Bd7 16. Bd3 g5 17. hxg6 hxg6 18. Kf2 Rag8 19. Nf3 Bc6 20. Ke3 d4+ 21. Kxd4 Bxf3 22. gxf3 Nxd3 23. Kxd3 Rh5 24. Rag1 Rgh8 25. Rxh5 gxh5 26. Ke3 h4 27. Rg2 a5 28. Rh2 f6 1/2-1/2